000
00266nam a2200109Ia 4500
008
200302s9999 xx 000 0 und d
100
_a
Diane Maddex
245
_a
Frank Lloyd Wright Inside and Out
260
_b
Pavilion Books Ltd.
260
_c
1971
300
_a
255 P.,
999
_c
1763
_d
1763